[Event "Montreal Summer Classic"]
[Site "Montreal CAN"]
[Date "2019.08.01"]
[Round "2.1"]
[White "Plotkin, Mark"]
[Black "Duong, Thanh Nha"]
[Result "1-0"]
[WhiteElo "2357"]
[BlackElo "2230"]
[PlyCount "131"]
[EventDate "2019.07.31"]
[EventType "tourn"]
[EventRounds "9"]
[EventCountry "CAN"]
[EventCategory "3"]
[Source "Mark Crowther"]
[SourceDate "2019.08.05"]

1. c4 Nf6 2. Nc3 e5 3. Nf3 Nc6 4. e3 Bb4 5. Qc2 O-O 6. Nd5 Bc5 7. Ng5 g6 8. h4
d6 9. a3 Bf5 10. Bd3 Bxd3 11. Qxd3 h6 12. Nxf6+ Qxf6 13. Ne4 Qe7 14. h5 g5 15.
b4 Bb6 16. g4 Qe6 17. Bb2 Ne7 18. f4 f6 19. O-O-O Rad8 20. Qc2 c5 21. d4 cxd4
22. exd4 Bxd4 23. Bxd4 exd4 24. Rhe1 Qf7 25. Rxd4 d5 26. Red1 f5 27. Nc3 fxg4
28. fxg5 hxg5 29. Rxg4 Kh8 30. Rxg5 Qf4+ 31. Qd2 dxc4 32. Qxf4 Rxd1+ 33. Nxd1
Rxf4 34. Ne3 Nc8 35. Rf5 Re4 36. Rf8+ Kg7 37. Rxc8 Rxe3 38. Rxc4 Rxa3 39. Rc7+
Kh6 40. Kb2 Ra6 41. Rxb7 Kxh5 42. Rg7 Kh6 43. Rg1 Rg6 44. Ra1 a6 45. Kb3 Kg7
46. Rf1 Rg5 47. Ka4 Rb5 48. Rd1 Rb6 49. Rd5 Kf7 50. Ka5 Re6 51. Rd7+ Ke8 52.
Ra7 Kd8 53. Rxa6 Re4 54. Rc6 Kd7 55. Rc1 Re8 56. b5 Re6 57. b6 Re2 58. Ka6 Ra2+
59. Kb7 Rd2 60. Kb8 Rb2 61. b7 Ra2 62. Rd1+ Ke6 63. Rd4 Ke5 64. Rd7 Ke6 65. Kc8
Rb2 66. Rc7 1-0

[Event "Montreal Summer Classic"]
[Site "Montreal CAN"]
[Date "2019.08.01"]
[Round "2.2"]
[White "Rodrigue-Lemieux, Shawn"]
[Black "Yu, Zong Yang"]
[Result "1/2-1/2"]
[WhiteElo "2257"]
[BlackElo "2396"]
[PlyCount "84"]
[EventDate "2019.07.31"]
[EventType "tourn"]
[EventRounds "9"]
[EventCountry "CAN"]
[EventCategory "3"]
[Source "Mark Crowther"]
[SourceDate "2019.08.05"]

1. Nf3 Nf6 2. g3 g6 3. Bg2 Bg7 4. O-O O-O 5. d4 d6 6. Re1 Na6 7. e4 c5 8. c3
Rb8 9. Bf4 Bg4 10. h3 Bxf3 11. Bxf3 Nd7 12. e5 cxd4 13. cxd4 dxe5 14. dxe5 e6
15. Nc3 Nb4 16. Qa4 a5 17. Rad1 b5 18. Nxb5 Nc5 19. Qa3 Qb6 20. Nd4 Rfd8 21.
Be3 Bf8 22. Nb3 Rxd1 23. Rxd1 Qb5 24. Bxc5 Bxc5 25. Qxa5 Qxa5 26. Nxa5 Nxa2 27.
Nc4 Kf8 28. Rd7 Be7 29. Kf1 Nc1 30. Bd1 Rb4 31. Rc7 Nd3 32. b3 Rb5 33. f4 g5
34. Rc8+ Kg7 35. Rc7 Kf8 36. Bc2 Nb4 37. f5 Nxc2 38. f6 Bxf6 39. exf6 Rf5+ 40.
Kg1 Rxf6 41. Nb6 Rf3 42. Rxc2 Rxg3+ 1/2-1/2

[Event "Montreal Summer Classic"]
[Site "Montreal CAN"]
[Date "2019.08.01"]
[Round "2.4"]
[White "Giannatos, Peter"]
[Black "Ragnarsson, Dagur"]
[Result "1/2-1/2"]
[WhiteElo "2259"]
[BlackElo "2391"]
[PlyCount "55"]
[EventDate "2019.07.31"]
[EventType "tourn"]
[EventRounds "9"]
[EventCountry "CAN"]
[EventCategory "3"]
[Source "Mark Crowther"]
[SourceDate "2019.08.05"]

1. d4 Nf6 2. Nf3 g6 3. e3 Bg7 4. Be2 c5 5. dxc5 Na6 6. O-O Nxc5 7. c4 O-O 8. b4
Ne6 9. Bb2 a5 10. a3 d6 11. Nc3 Bd7 12. Qb3 Qb6 13. Nd2 Rfc8 14. c5 dxc5 15.
Nc4 Qc7 16. bxa5 Rd8 17. a4 Qb8 18. Nb5 Ne4 19. Bxg7 Nxg7 20. Qc2 Nd6 21. Nb6
Rxa5 22. Qxc5 Bxb5 23. axb5 Qa7 24. Rxa5 Qxa5 25. Nd5 Ne6 26. Qc2 Nxb5 27. Bf3
Nbc7 28. Nxc7 1/2-1/2

[Event "Montreal Summer Classic"]
[Site "Montreal CAN"]
[Date "2019.08.01"]
[Round "2.5"]
[White "Eckert, Doug"]
[Black "Kaufman, Raymond"]
[Result "0-1"]
[WhiteElo "2123"]
[BlackElo "2301"]
[PlyCount "62"]
[EventDate "2019.07.31"]
[EventType "tourn"]
[EventRounds "9"]
[EventCountry "CAN"]
[EventCategory "3"]
[Source "Mark Crowther"]
[SourceDate "2019.08.05"]

1. c4 e5 2. Nc3 Nf6 3. Nf3 Nc6 4. e3 Bb4 5. Qc2 Bxc3 6. bxc3 O-O 7. e4 d6 8. g3
Nd7 9. Bg2 Nc5 10. Nh4 Be6 11. d3 Qd7 12. Be3 Bh3 13. O-O Bxg2 14. Kxg2 Rae8
15. Rad1 a6 16. Qd2 Ne7 17. f3 Ne6 18. Rb1 b6 19. Kh1 f5 20. Ng2 Rf7 21. Rbe1
Ref8 22. Qe2 Ng6 23. Bg1 Ng5 24. f4 Nh3 25. exf5 Rxf5 26. Ne3 R5f7 27. fxe5
Nxe5 28. Rxf7 Qxf7 29. Rf1 Nf3 30. Bf2 Nd2 31. Qxd2 Qf3+ 0-1

[Event "Montreal Summer Classic"]
[Site "Montreal CAN"]
[Date "2019.08.01"]
[Round "3.1"]
[White "Kaufman, Raymond"]
[Black "Plotkin, Mark"]
[Result "0-1"]
[WhiteElo "2301"]
[BlackElo "2357"]
[PlyCount "78"]
[EventDate "2019.07.31"]
[EventType "tourn"]
[EventRounds "9"]
[EventCountry "CAN"]
[EventCategory "3"]
[Source "Mark Crowther"]
[SourceDate "2019.08.05"]

1. e4 g6 2. d4 Bg7 3. Nf3 d6 4. c4 e5 5. Nc3 exd4 6. Nxd4 Ne7 7. Be2 Nbc6 8.
Be3 O-O 9. O-O f5 10. Qd2 Nxd4 11. Bxd4 f4 12. Bxg7 Kxg7 13. Rfd1 Be6 14. Qd4+
Kh6 15. Nd5 Nc6 16. Qc3 Ne5 17. c5 Rf7 18. Rac1 Qg5 19. f3 c6 20. Nb4 a5 21.
Nd3 Nxd3 22. Bxd3 Qxc5+ 23. Qxc5 dxc5 24. Bc4 Bxc4 25. Rxc4 b6 26. Rd6 Rc8 27.
e5 Kg5 28. e6 Re7 29. g3 fxg3 30. hxg3 Rce8 31. Re4 Kf5 32. Rxc6 Rxe6 33. Rxb6
Rxb6 34. Rxe8 Rxb2 35. Rc8 Rc2 36. a4 Ke5 37. Rc7 c4 38. Rxh7 c3 39. Rc7 Kd4
0-1

[Event "Montreal Summer Classic"]
[Site "Montreal CAN"]
[Date "2019.08.01"]
[Round "3.2"]
[White "Ragnarsson, Dagur"]
[Black "Eckert, Doug"]
[Result "1-0"]
[WhiteElo "2391"]
[BlackElo "2123"]
[PlyCount "77"]
[EventDate "2019.07.31"]
[EventType "tourn"]
[EventRounds "9"]
[EventCountry "CAN"]
[EventCategory "3"]
[Source "Mark Crowther"]
[SourceDate "2019.08.05"]

1. e4 e5 2. Nf3 Nc6 3. Bb5 a6 4. Ba4 Nf6 5. O-O Be7 6. Re1 b5 7. Bb3 O-O 8. c3
d6 9. h3 Nb8 10. d4 Nbd7 11. Nbd2 Bb7 12. Bc2 Re8 13. Nf1 Bf8 14. Ng3 g6 15. a4
c5 16. d5 c4 17. Bg5 Nc5 18. Qd2 Be7 19. Bh6 Nfd7 20. Nh2 Nxa4 21. Bxa4 bxa4
22. Rxa4 a5 23. f4 Ba6 24. Rf1 Nc5 25. fxe5 Nxa4 26. Qf4 Rf8 27. Bxf8 Qb6+ 28.
Kh1 Rxf8 29. Ng4 Qd8 30. Nf6+ Bxf6 31. exf6 Kh8 32. Qg5 Rg8 33. Rf4 Qf8 34. Rh4
Nxb2 35. Rh6 a4 36. e5 dxe5 37. Ne4 a3 38. Rxh7+ Kxh7 39. Qh4+ 1-0

[Event "Montreal Summer Classic"]
[Site "Montreal CAN"]
[Date "2019.08.01"]
[Round "3.3"]
[White "Rosen, Eric"]
[Black "Giannatos, Peter"]
[Result "1-0"]
[WhiteElo "2345"]
[BlackElo "2259"]
[PlyCount "73"]
[EventDate "2019.07.31"]
[EventType "tourn"]
[EventRounds "9"]
[EventCountry "CAN"]
[EventCategory "3"]
[Source "Mark Crowther"]
[SourceDate "2019.08.05"]

1. e4 e6 2. d4 d5 3. exd5 exd5 4. Nf3 Nc6 5. Nc3 Bb4 6. Bd3 Nge7 7. O-O Bg4 8.
h3 Bh5 9. a3 Bd6 10. Re1 Nxd4 11. g4 Nxf3+ 12. Qxf3 Bg6 13. Nxd5 O-O 14. Bg5 f6
15. Nxe7+ Bxe7 16. Bxg6 fxg5 17. Bxh7+ Kxh7 18. Qe4+ Kh8 19. Qxe7 Qd4 20. Re2
Qxb2 21. Rd1 Rf3 22. Rd8+ Rxd8 23. Qxd8+ Kh7 24. Qxg5 Qxa3 25. Qh5+ Kg8 26.
Qd5+ Kh7 27. Re5 Rf6 28. Rh5+ Rh6 29. Qf5+ Kg8 30. Qd5+ Kh7 31. Qe4+ Kh8 32.
Re5 Rf6 33. g5 Rf8 34. g6 Qc1+ 35. Kg2 Qh6 36. Re8 Qg5+ 37. Kh2 1-0

[Event "Montreal Summer Classic"]
[Site "Montreal CAN"]
[Date "2019.08.02"]
[Round "4.1"]
[White "Plotkin, Mark"]
[Black "Rodrigue-Lemieux, Shawn"]
[Result "1-0"]
[WhiteElo "2357"]
[BlackElo "2257"]
[PlyCount "129"]
[EventDate "2019.07.31"]
[EventType "tourn"]
[EventRounds "9"]
[EventCountry "CAN"]
[EventCategory "3"]
[Source "Mark Crowther"]
[SourceDate "2019.08.05"]

1. c4 Nf6 2. Nc3 e6 3. e4 d5 4. e5 d4 5. exf6 dxc3 6. bxc3 Qxf6 7. Nf3 b6 8. d4
Bb7 9. Ne5 Bd6 10. Qa4+ c6 11. f4 O-O 12. Bd3 Qh4+ 13. g3 Qe7 14. Qc2 f5 15.
O-O Nd7 16. Re1 Nf6 17. Rb1 c5 18. d5 exd5 19. cxd5 Bxd5 20. Bxf5 c4 21. Be3 g6
22. Bh3 Be4 23. Qe2 Bxb1 24. Qxc4+ Kg7 25. Rxb1 Qc7 26. Qxc7+ Bxc7 27. Nc6 Bd6
28. Kg2 Bc5 29. Bxc5 bxc5 30. Be6 Rfe8 31. Rb7+ Kh8 32. Bb3 Ng4 33. h3 Ne3+ 34.
Kf3 c4 35. Ba4 Nf5 36. g4 Nd6 37. Rc7 Rac8 38. Rd7 Ne4 39. Nxa7 Nxc3 40. Nxc8
Rxc8 41. Bc2 Nxa2 42. Rb7 c3 43. h4 Rc4 44. g5 Rb4 45. Rc7 Kg8 46. h5 Rb6 47.
Be4 Rd6 48. h6 Rd8 49. Bb1 Nb4 50. Rxc3 Rf8 51. Be4 Kh8 52. Rc4 Nd5 53. Bd3 Ne7
54. Kg4 Nd5 55. Rd4 Ne7 56. Rd7 Nc6 57. Be4 Nb4 58. Rb7 Na6 59. f5 Nc5 60.
Rxh7+ Kg8 61. Rg7+ Kh8 62. Bc2 gxf5+ 63. Bxf5 Ne6 64. Re7 Nd4 65. g6 1-0

[Event "Montreal Summer Classic"]
[Site "Montreal CAN"]
[Date "2019.08.02"]
[Round "4.3"]
[White "Giannatos, Peter"]
[Black "Yu, Zong Yang"]
[Result "1-0"]
[WhiteElo "2259"]
[BlackElo "2396"]
[PlyCount "47"]
[EventDate "2019.07.31"]
[EventType "tourn"]
[EventRounds "9"]
[EventCountry "CAN"]
[EventCategory "3"]
[Source "Mark Crowther"]
[SourceDate "2019.08.05"]

1. d4 Nf6 2. Nf3 e6 3. e3 b6 4. Bd3 Bb7 5. O-O d5 6. Nbd2 Bd6 7. b3 O-O 8. Bb2
c5 9. Ne5 Nc6 10. a3 a6 11. Qf3 Ne7 12. Qh3 Ng6 13. f4 cxd4 14. exd4 Ne4 15.
Nxe4 dxe4 16. Bc4 Rc8 17. f5 Nxe5 18. dxe5 Bc5+ 19. Kh1 b5 20. fxe6 bxc4 21.
exf7+ Kh8 22. e6 Qd2 23. Bxg7+ Kxg7 24. Qg3+ 1-0

[Event "Montreal Summer Classic"]
[Site "Montreal CAN"]
[Date "2019.08.02"]
[Round "4.4"]
[White "Eckert, Doug"]
[Black "Rosen, Eric"]
[Result "0-1"]
[WhiteElo "2123"]
[BlackElo "2345"]
[PlyCount "74"]
[EventDate "2019.07.31"]
[EventType "tourn"]
[EventRounds "9"]
[EventCountry "CAN"]
[EventCategory "3"]
[Source "Mark Crowther"]
[SourceDate "2019.08.05"]

1. Nf3 Nf6 2. c4 e6 3. Nc3 Bb4 4. Qc2 O-O 5. a3 Bxc3 6. Qxc3 d6 7. g3 e5 8. d3
e4 9. dxe4 Nxe4 10. Qc2 Re8 11. Bg2 a5 12. b3 Bf5 13. Qb2 Nc6 14. Nh4 Nc5 15.
O-O Bg4 16. Be3 Qc8 17. b4 Nd7 18. Rfc1 axb4 19. axb4 Rxa1 20. Rxa1 Nde5 21.
Rc1 Bh3 22. Bd4 Bxg2 23. Kxg2 Qg4 24. Bxe5 Nxe5 25. Qc2 Ng6 26. Nxg6 Rxe2 27.
Qa4 Qe4+ 28. Kg1 hxg6 29. Rf1 Qxc4 30. Qa8+ Kh7 31. Qc8 f5 32. Qxb7 Rb2 33. Qc8
Rxb4 34. Re1 Qc6 35. Qd8 Re4 36. Rb1 Rc4 37. f4 Rc2 0-1

[Event "Montreal Summer Classic"]
[Site "Montreal CAN"]
[Date "2019.08.02"]
[Round "4.5"]
[White "Kaufman, Raymond"]
[Black "Ragnarsson, Dagur"]
[Result "0-1"]
[WhiteElo "2301"]
[BlackElo "2391"]
[PlyCount "76"]
[EventDate "2019.07.31"]
[EventType "tourn"]
[EventRounds "9"]
[EventCountry "CAN"]
[EventCategory "3"]
[Source "Mark Crowther"]
[SourceDate "2019.08.05"]

1. e4 c5 2. Nf3 e6 3. d4 cxd4 4. Nxd4 Nc6 5. Nc3 Qc7 6. g3 a6 7. Bg2 d6 8. O-O
Bd7 9. a4 Nf6 10. Nxc6 Bxc6 11. a5 Be7 12. Be3 Nd7 13. f4 O-O 14. Kh1 b6 15.
axb6 Nxb6 16. Qe2 Qb7 17. Ra3 Nd7 18. Rb3 Qc7 19. Ra1 Bb7 20. Bd4 Rfb8 21. Ra4
Bc8 22. Qc4 Qd8 23. e5 d5 24. Nxd5 exd5 25. Bxd5 Rxb3 26. cxb3 Rb8 27. Bxf7+
Kh8 28. Bd5 Nb6 29. Bxb6 Qxb6 30. Ra1 a5 31. Rc1 Bh3 32. Qe4 Qf2 33. Qc2 Qxc2
34. Rxc2 Rd8 35. Bf3 Rd3 36. g4 g5 37. Be2 Re3 38. Kg1 gxf4 0-1

[Event "Montreal Summer Classic"]
[Site "Montreal CAN"]
[Date "2019.08.02"]
[Round "5.1"]
[White "Ragnarsson, Dagur"]
[Black "Plotkin, Mark"]
[Result "1-0"]
[WhiteElo "2391"]
[BlackElo "2357"]
[PlyCount "133"]
[EventDate "2019.07.31"]
[EventType "tourn"]
[EventRounds "9"]
[EventCountry "CAN"]
[EventCategory "3"]
[Source "Mark Crowther"]
[SourceDate "2019.08.05"]

1. d4 g6 2. Nf3 Bg7 3. c4 d6 4. Nc3 c6 5. g3 Nf6 6. Bg2 O-O 7. O-O Nbd7 8. e4
e5 9. h3 exd4 10. Nxd4 Re8 11. Re1 Nc5 12. Bf4 Ne6 13. Nxe6 Bxe6 14. Qd3 Nd7
15. b3 Qa5 16. Rac1 Rad8 17. Qc2 Ne5 18. Bd2 c5 19. Nd5 Qa3 20. Bg5 Bxd5 21.
Bxd8 Bxc4 22. Bc7 Bd3 23. Qd2 Ba6 24. Bxd6 Nd3 25. e5 Nxc1 26. Rxc1 b6 27. Bc6
Rd8 28. Qg5 Rc8 29. Bd7 h6 30. Qf4 Qxa2 31. e6 fxe6 32. Bxe6+ Kh7 33. Bxc8 Bxc8
34. Be5 Be6 35. Bxg7 Kxg7 36. Qe5+ Kf7 37. Ra1 Qd2 38. Rxa7+ Bd7 39. Ra1 Bxh3
40. Re1 Qd7 41. Qh8 h5 42. Qb8 Qc6 43. Qf4+ Bf5 44. f3 Qf6 45. Qc7+ Kf8 46. Rd1
Qe7 47. Rd8+ Kf7 48. Qxe7+ Kxe7 49. Rb8 Kd6 50. Rxb6+ Kd5 51. Kf2 Kd4 52. b4
cxb4 53. Rxb4+ Ke5 54. Ke3 Kf6 55. Kf4 g5+ 56. Ke3 Bd7 57. Rb7 Be6 58. Rb4 Bd5
59. f4 g4 60. Rb5 Bf7 61. Ke4 Bg6+ 62. f5 Be8 63. Rb8 Bd7 64. Rb6+ Kf7 65. Rh6
Be8 66. Rxh5 Kf6 67. Rh8 1-0

[Event "Montreal Summer Classic"]
[Site "Montreal CAN"]
[Date "2019.08.02"]
[Round "5.2"]
[White "Rosen, Eric"]
[Black "Kaufman, Raymond"]
[Result "1/2-1/2"]
[WhiteElo "2345"]
[BlackElo "2301"]
[PlyCount "41"]
[EventDate "2019.07.31"]
[EventType "tourn"]
[EventRounds "9"]
[EventCountry "CAN"]
[EventCategory "3"]
[Source "Mark Crowther"]
[SourceDate "2019.08.05"]

1. d4 Nf6 2. Bf4 g6 3. Nc3 d5 4. e3 c6 5. Nf3 Bg4 6. Be2 Bg7 7. Ne5 Bxe2 8.
Qxe2 Nh5 9. O-O-O Nd7 10. g4 Nxf4 11. exf4 Qc7 12. Kb1 Nxe5 13. fxe5 O-O-O 14.
f4 f6 15. Rde1 fxe5 16. dxe5 Rhf8 17. Rhf1 Rf7 18. g5 Kb8 19. Qg4 Rdf8 20. Qh3
Qc8 21. Qh4 1/2-1/2

[Event "Montreal Summer Classic"]
[Site "Montreal CAN"]
[Date "2019.08.02"]
[Round "5.3"]
[White "Yu, Zong Yang"]
[Black "Eckert, Doug"]
[Result "1/2-1/2"]
[WhiteElo "2396"]
[BlackElo "2123"]
[PlyCount "93"]
[EventDate "2019.07.31"]
[EventType "tourn"]
[EventRounds "9"]
[EventCountry "CAN"]
[EventCategory "3"]
[Source "Mark Crowther"]
[SourceDate "2019.08.05"]

1. d4 Nf6 2. c4 e6 3. Nc3 Bb4 4. Nf3 d5 5. e3 O-O 6. Bd3 c5 7. O-O dxc4 8. Bxc4
cxd4 9. exd4 b6 10. Bg5 Bxc3 11. bxc3 Bb7 12. Ne5 Nbd7 13. Qe2 Qc7 14. Rac1
Nxe5 15. dxe5 Ne4 16. Bf4 Rfd8 17. Bd3 Qc6 18. f3 Nc5 19. Bb1 Ba6 20. c4 Rac8
21. Bg5 Rd7 22. Kh1 Rd4 23. Be3 Rd7 24. Rfe1 Qa4 25. Qf2 Nd3 26. Bxd3 Rxd3 27.
Qg3 Kh8 28. c5 bxc5 29. Rxc5 Rxc5 30. Bxc5 Rd1 31. a3 Rxe1+ 32. Qxe1 Bb5 33. h3
a6 34. Qd2 h6 35. Be7 Qc4 36. Kh2 Kh7 37. Kg3 Qd3 38. Qf4 Qg6+ 39. Kh2 Bf1 40.
Qg3 Qxg3+ 41. Kxg3 Kg6 42. Kf2 Bc4 43. g4 f6 44. exf6 gxf6 45. h4 f5 46. h5+
Kf7 47. Bd6 1/2-1/2

[Event "Montreal Summer Classic"]
[Site "Montreal CAN"]
[Date "2019.08.02"]
[Round "5.4"]
[White "Duong, Thanh Nha"]
[Black "Giannatos, Peter"]
[Result "1/2-1/2"]
[WhiteElo "2230"]
[BlackElo "2259"]
[PlyCount "88"]
[EventDate "2019.07.31"]
[EventType "tourn"]
[EventRounds "9"]
[EventCountry "CAN"]
[EventCategory "3"]
[Source "Mark Crowther"]
[SourceDate "2019.08.05"]

1. d4 d5 2. c4 e6 3. Nf3 Nf6 4. Bg5 Be7 5. e3 O-O 6. Nc3 Nbd7 7. Bd3 dxc4 8.
Bxc4 a6 9. a4 c5 10. O-O cxd4 11. Nxd4 Ne5 12. Bb3 Bd7 13. h3 Qa5 14. Bc2 Rac8
15. Nb3 Nf3+ 16. Qxf3 Qxg5 17. Ne4 Nxe4 18. Bxe4 Bc6 19. Rfc1 Bxe4 20. Qxe4
Rxc1+ 21. Rxc1 b5 22. a5 b4 23. Qb7 Bd6 24. Qxa6 Qe5 25. g3 h5 26. Qc4 Qxb2 27.
h4 Be5 28. Rd1 Qa2 29. Rd2 Qa4 30. a6 Ra8 31. Qe4 Rf8 32. Qxe5 Qxb3 33. a7 Qc3
34. Rd4 Qa1+ 35. Kh2 Qxa7 36. Rxb4 g6 37. Rc4 Qb8 38. Qf6 Qd8 39. Qf4 Qd5 40.
Rc2 Kg7 41. e4 Qd4 42. Rd2 Qf6 43. Qc7 Qf3 44. Qe5+ Qf6 1/2-1/2

[Event "Montreal Summer Classic"]
[Site "Montreal CAN"]
[Date "2019.08.03"]
[Round "6.2"]
[White "Giannatos, Peter"]
[Black "Rodrigue-Lemieux, Shawn"]
[Result "1/2-1/2"]
[WhiteElo "2259"]
[BlackElo "2257"]
[PlyCount "82"]
[EventDate "2019.07.31"]
[EventType "tourn"]
[EventRounds "9"]
[EventCountry "CAN"]
[EventCategory "3"]
[Source "Mark Crowther"]
[SourceDate "2019.08.05"]

1. d4 Nf6 2. Nf3 e6 3. e3 b6 4. Bd3 Bb7 5. O-O g6 6. c4 Bg7 7. Nc3 d5 8. cxd5
exd5 9. b4 O-O 10. a4 Re8 11. Qb3 Nbd7 12. a5 a6 13. axb6 cxb6 14. b5 a5 15.
Ba3 Rc8 16. Rac1 Bf8 17. Rc2 Bxa3 18. Qxa3 Qe7 19. Qxe7 Rxe7 20. Rfc1 Ree8 21.
g3 Kf8 22. Bf1 Ne4 23. Na4 Rxc2 24. Rxc2 Rc8 25. Rxc8+ Bxc8 26. Ne5 Nxe5 27.
dxe5 Nc5 28. Nxb6 Be6 29. Bg2 a4 30. Nxd5 a3 31. Nb4 Bb3 32. b6 a2 33. Nxa2
Bxa2 34. f4 Ke7 35. Kf2 Kd7 36. g4 Bb1 37. Bd5 Be4 38. Bxf7 Na4 39. Bg8 h6 40.
h4 Nxb6 41. Bh7 Ke7 1/2-1/2

[Event "Montreal Summer Classic"]
[Site "Montreal CAN"]
[Date "2019.08.03"]
[Round "6.3"]
[White "Eckert, Doug"]
[Black "Duong, Thanh Nha"]
[Result "1/2-1/2"]
[WhiteElo "2123"]
[BlackElo "2230"]
[PlyCount "119"]
[EventDate "2019.07.31"]
[EventType "tourn"]
[EventRounds "9"]
[EventCountry "CAN"]
[EventCategory "3"]
[Source "Mark Crowther"]
[SourceDate "2019.08.05"]

1. c4 e5 2. Nc3 d6 3. g3 g6 4. Bg2 Bg7 5. e4 Ne7 6. Nge2 O-O 7. d3 Nbc6 8. Nd5
h6 9. Be3 f5 10. Qd2 Kh7 11. O-O Nd4 12. Bxd4 exd4 13. Nxe7 Qxe7 14. Rae1 Qg5
15. Qc1 Qxc1 16. Rxc1 c6 17. Rfe1 Bd7 18. Rcd1 Rf7 19. f4 a5 20. Nc1 a4 21. Bh3
Ra5 22. exf5 Bxf5 23. Bxf5 Raxf5 24. Re6 d5 25. cxd5 Rxd5 26. Ne2 Rb5 27. Rd2
Rd7 28. Kg2 Rc5 29. Re4 Bf6 30. h4 Kg7 31. Kf2 Kf7 32. Ng1 Rdd5 33. Nf3 Rc1 34.
Re1 Rxe1 35. Nxe1 Ke6 36. Rc2 Kd6 37. Nf3 Rc5 38. Rxc5 Kxc5 39. Nd2 Be7 40.
Ne4+ Kd5 41. Ke2 b5 42. b3 a3 43. Nf2 h5 44. Ne4 c5 45. Nd2 Bd8 46. Nb1 c4 47.
bxc4+ bxc4 48. dxc4+ Kxc4 49. Nxa3+ Kb4 50. Nc2+ Kc3 51. Ne1 Ba5 52. Nd3 Kc2
53. Ne5 Bc3 54. Nd3 Ba5 55. Ne5 Bc7 56. Nd3 Bd6 57. Nf2 Ba3 58. Nd3 Bd6 59. Nf2
Bc7 60. Nd3 1/2-1/2

[Event "Montreal Summer Classic"]
[Site "Montreal CAN"]
[Date "2019.08.03"]
[Round "6.4"]
[White "Kaufman, Raymond"]
[Black "Yu, Zong Yang"]
[Result "0-1"]
[WhiteElo "2301"]
[BlackElo "2396"]
[PlyCount "94"]
[EventDate "2019.07.31"]
[EventType "tourn"]
[EventRounds "9"]
[EventCountry "CAN"]
[EventCategory "3"]
[Source "Mark Crowther"]
[SourceDate "2019.08.05"]

1. d4 Nf6 2. c4 e6 3. Nc3 Bb4 4. Nf3 c5 5. g3 Bxc3+ 6. bxc3 Qa5 7. Bd2 b6 8.
Bg2 Bb7 9. O-O O-O 10. d5 Qa6 11. Bg5 Ne4 12. Qc2 Qxc4 13. Ne5 Qxc3 14. Qxe4
Bxd5 15. Qe3 Qxe3 16. Bxe3 Bxg2 17. Kxg2 d5 18. Rfd1 f6 19. Nd3 Nc6 20. Nf4 Kf7
21. Rac1 Rfd8 22. h4 Rac8 23. f3 d4 24. Bd2 Ne7 25. e4 e5 26. Ne2 c4 27. Bb4 c3
28. Bxe7 Kxe7 29. Rd3 b5 30. Rb1 a6 31. Rb3 Rc4 32. Kf2 b4 33. a3 a5 34. Nc1
bxa3 35. Rxa3 a4 36. Rd1 Rb8 37. Nd3 Rb2+ 38. Kf1 Rb3 39. Rda1 c2 40. Nc1 Rcc3
41. Rxb3 axb3 42. Ra7+ Kf8 43. Rb7 Rxf3+ 44. Ke2 d3+ 45. Kd2 Rf1 46. Kxd3 Rxc1
47. Rxb3 Re1 0-1

[Event "Montreal Summer Classic"]
[Site "Montreal CAN"]
[Date "2019.08.03"]
[Round "7.1"]
[White "Rosen, Eric"]
[Black "Plotkin, Mark"]
[Result "1/2-1/2"]
[WhiteElo "2345"]
[BlackElo "2357"]
[PlyCount "91"]
[EventDate "2019.07.31"]
[EventType "tourn"]
[EventRounds "9"]
[EventCountry "CAN"]
[EventCategory "3"]
[Source "Mark Crowther"]
[SourceDate "2019.08.05"]

1. e4 c5 2. Nc3 Nc6 3. Nf3 Nf6 4. Bb5 Qc7 5. Nd5 Qd6 6. Nxf6+ gxf6 7. O-O a6 8.
Bxc6 Qxc6 9. d4 cxd4 10. Nxd4 Qxe4 11. Re1 Qd5 12. c4 Qc5 13. Be3 d6 14. Qf3
Qc7 15. Bh6 Rg8 16. Bxf8 Kxf8 17. Re4 b5 18. Rxe7 Kxe7 19. Qxa8 Qb7 20. Qxb7+
Bxb7 21. cxb5 Rxg2+ 22. Kf1 Rxh2 23. Re1+ Kd7 24. bxa6 Rh1+ 25. Ke2 Bxa6+ 26.
Kd2 Rh2 27. Ke3 h5 28. b4 Rh3+ 29. f3 Bc4 30. a4 Rh2 31. Ra1 Rb2 32. b5 Kc7 33.
Rh1 Ra2 34. Rxh5 Ra3+ 35. Kf2 Rxa4 36. Rf5 Ra2+ 37. Ke3 Ra3+ 38. Kf4 Rd3 39.
Ke4 Kb6 40. Rxf6 Kc5 41. Rf5+ d5+ 42. Rxd5+ Bxd5+ 43. Kxd3 Bxf3 44. Nxf3 Kxb5
45. Ke4 f5+ 46. Kxf5 1/2-1/2

[Event "Montreal Summer Classic"]
[Site "Montreal CAN"]
[Date "2019.08.03"]
[Round "7.2"]
[White "Yu, Zong Yang"]
[Black "Ragnarsson, Dagur"]
[Result "1-0"]
[WhiteElo "2396"]
[BlackElo "2391"]
[PlyCount "39"]
[EventDate "2019.07.31"]
[EventType "tourn"]
[EventRounds "9"]
[EventCountry "CAN"]
[EventCategory "3"]
[Source "Mark Crowther"]
[SourceDate "2019.08.05"]

1. d4 Nf6 2. Nf3 g6 3. c4 Bg7 4. Nc3 d5 5. Bg5 dxc4 6. e4 c5 7. d5 b5 8. d6 Bb7
9. e5 Ne4 10. Nxe4 Bxe4 11. a4 Nd7 12. axb5 f6 13. exf6 Nxf6 14. Bxc4 Qxd6 15.
Qe2 O-O-O 16. O-O Bb7 17. Rxa7 Rhf8 18. Rfa1 Nd5 19. b6 Rd7 20. Ra8+ 1-0

[Event "Montreal Summer Classic"]
[Site "Montreal CAN"]
[Date "2019.08.03"]
[Round "7.3"]
[White "Duong, Thanh Nha"]
[Black "Kaufman, Raymond"]
[Result "0-1"]
[WhiteElo "2230"]
[BlackElo "2301"]
[PlyCount "80"]
[EventDate "2019.07.31"]
[EventType "tourn"]
[EventRounds "9"]
[EventCountry "CAN"]
[EventCategory "3"]
[Source "Mark Crowther"]
[SourceDate "2019.08.05"]

1. Nf3 d5 2. d4 Nf6 3. c4 e6 4. Bg5 h6 5. Bxf6 Qxf6 6. Nc3 c6 7. e3 Nd7 8. Bd3
dxc4 9. Bxc4 g6 10. O-O Bg7 11. Rc1 O-O 12. e4 e5 13. dxe5 Nxe5 14. Nxe5 Qxe5
15. Kh1 Qe7 16. Qe2 Be6 17. f4 b5 18. Bxe6 Qxe6 19. a3 Rad8 20. h3 Rd4 21. Qf2
Rfd8 22. Rc2 a5 23. e5 b4 24. axb4 axb4 25. Na4 b3 26. Nc5 bxc2 27. Nxe6 Rd1
28. Nxd8 c1=Q 29. Kg1 Bf8 30. Nb7 Rxf1+ 31. Qxf1 Qxb2 32. Qa6 Qd4+ 33. Kh1 Qxf4
34. Qxc6 Qxe5 35. Qd7 Qe1+ 36. Kh2 Bg7 37. g3 Qf2+ 38. Kh1 Bd4 39. Qc8+ Kg7 40.
Qc1 Qf3+ 0-1

[Event "Montreal Summer Classic"]
[Site "Montreal CAN"]
[Date "2019.08.03"]
[Round "7.4"]
[White "Rodrigue-Lemieux, Shawn"]
[Black "Eckert, Doug"]
[Result "1-0"]
[WhiteElo "2257"]
[BlackElo "2123"]
[PlyCount "125"]
[EventDate "2019.07.31"]
[EventType "tourn"]
[EventRounds "9"]
[EventCountry "CAN"]
[EventCategory "3"]
[Source "Mark Crowther"]
[SourceDate "2019.08.05"]

1. Nf3 d5 2. g3 Bg4 3. Bg2 Nd7 4. O-O c6 5. d3 Ngf6 6. Nbd2 e5 7. e4 dxe4 8.
dxe4 Bc5 9. Qe2 O-O 10. Rd1 Qc7 11. Nb3 Be7 12. h3 Bxf3 13. Bxf3 Nc5 14. Nxc5
Bxc5 15. Bg5 Be7 16. Kg2 Rfd8 17. Rh1 Rd7 18. h4 Qb6 19. c3 a5 20. g4 Rad8 21.
Rag1 Ne8 22. Bc1 Nc7 23. g5 a4 24. h5 a3 25. bxa3 Qa6 26. g6 Qxe2 27. Bxe2 b5
28. a4 hxg6 29. hxg6 Rd6 30. gxf7+ Kxf7 31. axb5 Rg6+ 32. Kf1 Rxg1+ 33. Rxg1
cxb5 34. Ke1 Ra8 35. Bd1 Rh8 36. Bb3+ Kf8 37. Bg5 Bf6 38. Ke2 Ke7 39. Bc1 Rh4
40. Ba3+ Ke8 41. Kd3 Rh3+ 42. Rg3 Rxg3+ 43. fxg3 Kd7 44. Bf7 Na6 45. Bd5 Kc7
46. Bf8 Kb6 47. c4 b4 48. c5+ Nxc5+ 49. Kc4 Na6 50. Be6 Nc7 51. Bd7 Na6 52. Bc8
Nc7 53. Bxb4 Nb5 54. a4 Nd4 55. a5+ Kc7 56. Bg4 Nc6 57. Bc3 Nd4 58. Kd5 Kb7 59.
Bxd4 exd4 60. Be2 Bd8 61. a6+ Kc8 62. Kc6 Kb8 63. e5 1-0